000 01313nam a2200145Ia 4500
008 220216s9999 xx 000 0 und d
100 _aMarattukalam J G
245 0 _aBench grafting with green buds in Hevea brasiliensis
260 _bPlacrosym XIII, 1998, Coimbatore, Tamil Nadu, India. Recent Advances in Plantation Crops Research, p65-68.
_c1998
520 _aBench grafting(bench budding) of Hevea brasiliensis(Willd.Ex Adr. De Juss) Mull. Arg. with green buds was attempted using the clone RRII 105 and the study was repeated for three consecutive years. Buddings were opened after 30 and 40 days. Effect of delaying the opening (beyond the normal period of 20 days) on bud burst was also studied. All the budded plants were raised in polybags to determine the success of their establishment and growth characters such as height and diameter of the scion, number of leaf whorls and leaves. Results indicated that bench grafts opened 40 days after budding had highest percentage of success(84.76;) and establishment rate(65.71;). Growth of the plants under all the treatments were more or less on par. Bench grafting with green buds is feasible and grafted plants are as good as nursery grafted plants.
650 _aBench grafting
650 _aHevea brasiliensis
700 _aVarghese Y A
942 _cJS
999 _c54698
_d54698